000 00978nam a2200325Ia 4500
003 OSt
005 20220912145403.0
006 a|||||r|||| 00| 0
007 ta
008 220909b |||||||| |||| 00| 0 eng d
020 _a9781584889472 (hbd)
024 _a84552
037 _b2037, 03/09/2009, New India Book Agency
037 _cTextual
040 _aCSL
_beng
_cCSL
041 _aeng
082 _aB281, P9
100 _aTrosset Michael W
245 0 _aIntroduction to statistical inference and its applications with R
260 _aBoca Raton
_bCRC Pres
_c2009
300 _axxvii, 467p.
_ccm.
490 _aTexts in statistical science
500 _aIndex 463-467p.
650 _a Mathematical statistics
650 _a Probabilities
650 _a R-computer programming language
650 _aStatistics
942 _hB281, P9
_cTEXL
_2CC
999 _c30533
_d30533